书目信息 |
| 题名: |
胡适文化小品
|
|
| 作者: | 胡适 著 | |
| 分册: | ||
| 出版信息: | 杭州 浙江文艺出版社 2016 |
|
| 页数: | 205页 | |
| 开本: | 19cm | |
| 丛书名: | ||
| 单 册: | ||
| 中图分类: | I266.3 | |
| 科图分类: | ||
| 主题词: | 小品文--xiao pin wen--作品集--中国--现代 | |
| 电子资源: | ||
| ISBN: | 978-7-5339-4339-4 | |
| 000 | 00638nam0 22002291 450 | |
| 001 | 0122100847 | |
| 005 | 20170322100847.0 | |
| 010 | @a978-7-5339-4339-4@dCNY20.00 | |
| 100 | @a20160414d2016 em y0chiy50 ea | |
| 101 | 0 | @achi |
| 102 | @aCN@b330000 | |
| 105 | @ay z 000cy | |
| 106 | @ar | |
| 200 | 1 | @a胡适文化小品@9hu shi wen hua xiao pin@f胡适著 |
| 210 | @a杭州@c浙江文艺出版社@d2016 | |
| 215 | @a205页@d19cm | |
| 300 | @a大师小品 | |
| 606 | 0 | @a小品文@9xiao pin wen@x作品集@y中国@z现代 |
| 690 | @aI266.3@v5 | |
| 701 | 0 | @a胡适@9hu shi@f(1891~1962)@4著 |
| 801 | 0 | @aCN@bTANGWEI@c20170308 |
| 905 | @b0960306-9@dI266.3@e2121@f4 | |
| 胡适文化小品/胡适著.-杭州:浙江文艺出版社,2016 |
| 205页;19cm |
| 大师小品 |
| ISBN 978-7-5339-4339-4:CNY20.00 |
| ● |
| 相关链接 |
|
|
|
|
正题名:胡适文化小品
索取号:I266.3/2121
 
预约/预借
| 序号 | 登录号 | 条形码 | 馆藏地/架位号 | 状态 | 备注 |
| 1 | 0960306 | 209603062 | 第一样本阅览室/ [索取号:I266.3/2121] | 在馆 | |
| 2 | 0960307 | 209603071 | 第二借阅区/ [索取号:I266.3/2121] | 在馆 | |
| 3 | 0960308 | 209603080 | 第二借阅区/ [索取号:I266.3/2121] | 在馆 | |
| 4 | 0960309 | 209603099 | 第二借阅区/ [索取号:I266.3/2121] | 在馆 |